000 00296nam a22001337a 4500
008 170911b xxu||||| |||| 00| 0 eng d
020 _a30260001570765
041 _aeng
080 _a91
100 _a42
101 _aGJEO
245 _aTHE TEACHING OF GEOGRAPHY
_cBROWN, R.M
942 _2udc
_cBK
999 _c26944
_d26944